QUEST Central Library Banner

Life of muhammad Sal Lal Lahui Alaihi Wa Allei Wa Sallam (Record no. 10194)

MARC details
000 -LEADER
fixed length control field 00495nam a2200145 a 4500
100 1# - MAIN ENTRY--AUTHOR NAME
Personal name Khan, Abdul Waheed.
245 14 - TITLE STATEMENT
Title Life of muhammad Sal Lal Lahui Alaihi Wa Allei Wa Sallam
260 ## - PUBLICATION, DISTRIBUTION, ETC. (IMPRINT)
Place of publication Karachi :
Name of publisher Abdul Waheed Khan,
Year of publication 2005.
300 ## - PHYSICAL DESCRIPTION
Number of Pages 30 p. ;
700 1# - ADDED ENTRY--PERSONAL NAME
Personal name Abdul Waheed Khan
856 40 - ELECTRONIC LOCATION AND ACCESS
Uniform Resource Identifier http://www.amazon.com/exec/obidos/ASIN/chopaconline-20
Holdings
Withdrawn status Lost status Home library Current library Date acquired Full call number Accession Number Koha item type
    Central Library, QUEST, Nawabshah Central Library, QUEST, Nawabshah 19/09/2014 297.922KHA D702 Books

Copyright © 2018,The QUEST, Nawabshah, Shaheed Benazirabad. All rights reserved
Mr. G. Farooq Channar (Librarian) QUEST, Nawabshah, Sindh, Pakistan 67480.
 Ph#: |   0244-9370381-4 Ext. 2308   Email| lib@quest.edu.pk   Web|  http://www.quest.edu.pk